Halbleiterelektronik - Wissensspeicher /

Gespeichert in:
Bibliographische Detailangaben
1. Verfasser: Möschwitzer, Albrecht (Verfasst von)
Format: Buch
Sprache:Deutsch
Veröffentlicht: Berlin : Verlag Technik, 1986
Ausgabe:5.unver.Aufl.
Tags: Tag hinzufügen
Keine Tags, Fügen Sie das erste Tag hinzu!

MARC

LEADER 00000nam a22000003a 4500
001 stu7574
005 20150617225806.1
008 950331s1986----ge------------------ger-d
040 |a STU  |b slo 
041 0 |a ger 
044 |a ge 
080 |a 621.382 
100 1 |a Möschwitzer, Albrecht  |4 aut 
245 1 |a Halbleiterelektronik - Wissensspeicher /  |c [aut.] Möschwitzer,A 
250 |a 5.unver.Aufl. 
260 |a Berlin :  |b Verlag Technik,  |c 1986 
300 |a 268 s 
996 |b E61723  |c E*61723  |l EE05  |s P  |a 0  |w stu7574_0001